00369nam a2200145Ia 4500008004100000100001200041245005400053245001200107260002000119260000900139300002600148440002000174650001300194650001600207190717s9999 xx 000 0 und d aReuters aNorth Korea preparing toned-down military parade/ cReuters bManila Bulletin c2018 aPage A11, September 2 aManila Bulletin aMilitary aNorth Korea